真气人!好朋友被抢走了 (Record no. 321838)
| 000 -LEADER | |
|---|---|
| fixed length control field | 00430 a2200157 4500 |
| 020 ## - ISBN | |
| ISBN | 9787554575185 |
| 082 ## - 索书号 Call Number | |
| 分类号Classification number | 861.59 |
| 作者号 Author number | 6534.2 |
| 100 ## - 作者 | |
| 作者 | (日)笠井真理 文;(日)小泉留美子 |
| 245 ## - 书名 TITLE | |
| 书名Title | 真气人!好朋友被抢走了 |
| 250 ## - 版本 EDITION STATEMENT | |
| 版本叙述 Edition statement | 初版;精装版 |
| 260 ## - 出版项PUBLICATION, DISTRIBUTION, ETC. (IMPRINT) | |
| 出版社 Name of publisher | 河北教育出版社 |
| 出版日期 Date of publication | 2023 |
| 出版地 Place of publication | 石家庄 |
| 300 ## - 稽核项 PHYSICAL DESCRIPTION | |
| 页数 Number of Pages | 32公分 |
| 尺寸 Dimensions | 26.5公分 |
| 500 ## - 一般附注 GENERAL NOTE | |
| 附注 General note | 购 |
| 700 ## - ADDED ENTRY--PERSONAL NAME | |
| 第二作者 / 译者 / 绘者 | 黄静 译 |
| 942 ## - ADDED ENTRY ELEMENTS (KOHA) | |
| Koha item type | Books |
| Source of classification or shelving scheme | Not for loan | Permanent Location | Current Location | Shelving location | Date acquired | Source of acquisition | Cost, normal purchase price | Full call number | Barcode | Cost, replacement price | Koha item type |
|---|---|---|---|---|---|---|---|---|---|---|---|
| LIBRARY CHUNG HWA HIGH SCHOOL MUAR | LIBRARY CHUNG HWA HIGH SCHOOL MUAR | 一楼绘本区 1st Floor Picture Book Area | 2025-07-07 | 购 | 48.00 | 861.59 6534.2 | 049232 | 96.00 | Books |
